LEADER 04443nam 2200469z- 450 001 9910227346103321 005 20210211 035 $a(CKB)4100000000883872 035 $a(oapen)https://directory.doabooks.org/handle/20.500.12854/42247 035 $a(oapen)doab42247 035 $a(EXLCZ)994100000000883872 100 $a20202102d2017 |y 0 101 0 $aeng 135 $aurmn|---annan 181 $ctxt$2rdacontent 182 $cc$2rdamedia 183 $acr$2rdacarrier 200 00$aBiomarkers in Drug Hypersensitivity 210 $cFrontiers Media SA$d2017 215 $a1 online resource (104 p.) 225 1 $aFrontiers Research Topics 311 08$a2-88945-226-3 330 $aBiomarkers, especially those based on pharmacogenomics testing, have proved to be extremely useful for type A adverse drug reactions. Clinical practice guidelines based on biomarker testing are presently being developed and updated for type A adverse drug reactions. In contrast, little attention has been paid to the potential use of biomarkers in type B adverse reactions, characterized by the occurrence of reactions not directly related to the pharmacological properties of the drug. Drug-induced hypersensitivity belongs to those type B reactions. Drug-induced hypersensitivity reactions involve complex mechanisms that include, among others, the metabolic activation and haptenization of drug metabolites. Hence, factors that influence the pharmacokinetics of drug and metabolites may contribute to the development of some drug-induced hypersensitivity reactions. This implies that processes such as ADME (absorption, distribution, metabolism and excretion) that are typically involved in type A adverse drug reactions, may have a role in hypersensitivity reactions too. In addition to metabolic activation, several signal transduction pathways participate and modulate the development and the clinical presentation of drug hypersensitivity. The diverse mechanisms underlying such drug-hypersensitivity reactions lead to four major groups of reactions according to the Gell and Coombs classification: immediate, cytotoxic, immune complex and delayed. The enormous complexity of drug-hypersensitivity reactions is a consequence of the variety of mechanisms involved, which may be related, among others, to drug metabolism, generation of antigenic signals, stimulation and maturation of dendritic cells, presentation of haptens and mechanisms of cytotoxicity. In addition, a plethora of possible clinical presentations exists, including urticaria, angioedema, anaphylaxis, cytopenias, nephritis, serum sickness, vasculitis, contact dermatitis, drug rash, eosinophilia and systemic symptoms, Stevens-Johnson syndrome, toxic epidermal necrolysis and acute generalized exanthematous pustulosis. The rapid progress in the field in recent years indicates that the combination of several disciplines is essential to understand the mechanisms involved in this particular, and not completely understood, type of adverse drug reactions. The objective of this Research Topic is to present insights obtained from both basic and clinical scientists, which may include studies related to the identification, validation, refinement and clinical implementation of biomarkers for drug-induced hypersensitivity. The Topic aims to include recent findings related, but not limited to, potential phenomic, genomic, proteomic, metabolomic and signal transduction biomarkers. These biomarkers could eventually be used in clinical practice and/or these might contribute, as a proof of concept, to our understanding of the complex events leading to drug hypersensitivity reactions. In addition the Topic will cover recent developments and methodological advances in the diagnosis, prevention and therapeutic management of drug-induced hypersensitivity. 606 $aPharmacology$2bicssc 610 $abiomarkers 610 $adrug 610 $adrug metabolism 610 $agenotyping 610 $ahaptenization 610 $ahypersensitivity 610 $amodels 610 $aphenotyping 615 7$aPharmacology 700 $aEmanuela Corsini$4auth$01312093 702 $aSilvia Selinski$4auth 702 $aJose A. G. Agundez$4auth 702 $aElena Garcia-Martin$4auth 702 $aKlaus Golka$4auth 906 $aBOOK 912 $a9910227346103321 996 $aBiomarkers in Drug Hypersensitivity$93030677 997 $aUNINA LEADER 02538oas 2201009 a 450 001 9910142049203321 005 20251106213014.0 011 $a1477-4542 035 $a(DE-599)ZDB2064641-0 035 $a(DE-599)2064641-0 035 $a(OCoLC)50234538 035 $a(CONSER) 2002227107 035 $a(CKB)110975946727445 035 $a(EXLCZ)99110975946727445 100 $a20020725a19879999 sy 101 0 $aeng 135 $aurcnu|||||||| 181 $ctxt$2rdacontent 182 $cc$2rdamedia 183 $acr$2rdacarrier 200 10$aFrench history 210 $aOxford, UK $cOxford University Press 215 $a1 online resource 311 08$a0269-1191 606 $aCivilisation$2rasuqam 606 $aHistoire$2rasuqam 606 $aHistory$2ukslc 607 $aFrance$xHistory$vPeriodicals 607 $aFrance$xHistoire$vPe?riodiques 607 $aFrance$2fast$1https://id.oclc.org/worldcat/entity/E39PBJd8gD4vdtqQMdQHvYqbBP 607 $aFrankreich$2gnd 607 $aFrance$2rasuqam 608 $aPeriodical. 608 $aInternet resource. 608 $aperiodicals.$2aat 608 $aHistory.$2fast 608 $aPeriodicals.$2fast 608 $aPeriodicals.$2lcgft 608 $aBibliographie (Descripteur de forme)$2rasuqam 608 $aPe?riodique e?lectronique (Descripteur de forme)$2rasuqam 608 $aRessource Internet (Descripteur de forme)$2rasuqam 608 $aPe?riodiques.$2rvmgf 608 $aZeitschrift$2swd 608 $aOnline-Publikation$2swd 610 $aFrance$ahistory$aSerials 615 7$aCivilisation. 615 7$aHistoire. 615 7$aHistory. 676 $a944.005 712 02$aSociety for the Study of French History, 801 0$bAMH 801 1$bAMH 801 2$bEYM 801 2$bOCLCQ 801 2$bOCL 801 2$bOCLCQ 801 2$bVRC 801 2$bOCLCQ 801 2$bOCLCF 801 2$bEUW 801 2$bOCLCQ 801 2$bDEFHM 801 2$bOCLCO 801 2$bOCLCE 801 2$bFJM 801 2$bUAB 801 2$bSTBDS 801 2$bOCLCA 801 2$bNLE 801 2$bUKMGB 801 2$bVT2 801 2$bOCLCQ 801 2$bAGL 801 2$bOCLCO 801 2$bNRC 801 2$bOCLCO 801 2$bOCLCQ 801 2$bSFB 801 2$bAUD 801 2$bOCLCQ 801 2$bUBY 801 2$bOCLCL 801 2$bOCLCQ 906 $aJOURNAL 912 $a9910142049203321 996 $aFrench history$9795692 997 $aUNINA